000
002320000a22000970004500
100
1
_a
Wallace, Ronald S.
245
1
0
_a
The days of Samuel : The song
300
_a
Vol. 6, Núm 3 (1980), Páginas 2-5
773
0
_t
Evangel
942
_c
ANA
999
_c
54293
_d
54293